000
00285nam a2200121Ia 4500
100
_a
Machinability Data Center
942
_c
BK
654
_a
handbook
245
_a
Machining Data Hand book
260
_b
Metcut Research Association
_a
Ohio
_c
1972
082
_a
621.8
546
_a
ENGLISH
999
_c
33090
_d
33090